| 000 | 00349nam a22001217a 4500 | ||
|---|---|---|---|
| 008 | 131203b xxu||||| |||| 00| 0 eng d | ||
| 050 | _aPQ4829.O62T81 1974 | ||
| 100 |
_aDavidson, Angus _94881 |
||
| 245 |
_aThe two of us _c Angus Davidson |
||
| 260 |
_aSt Albans _bPanther Books Limited _c1974 |
||
| 300 |
_a352p. ; _c19cm. |
||
| 942 |
_2lcc _cMONOGRAPH |
||
| 999 |
_c119003 _d119003 |
||